Statistiken für Alle deutschen Europa League Teilnehmer

Klicken Sie hier um das Quiz zu spielen!

Allgemein

  • Dieses Quiz wurde 1.253 mal gespielt
  • Das Durchschnittsergebnis liegt bei 16 aus 18

Antwortstatistiken

Letzte
Teilnahme
Verein% Korrekt
2021/22Borussia Dortmund
98%
2022/231. FC Union Berlin
96%
2021/22Bayer Leverkusen
95%
2021/22Eintracht Frankfurt
95%
2021/22RB Leipzig
94%
2022/23SC Freiburg
94%
2016/17FC Schalke 04
92%
2009/10Hamburger SV
91%
2017/181. FC Köln
90%
2009/10Werder Bremen
90%
2020/21VfL Wolfsburg
89%
2020/211899 Hoffenheim
86%
2013/14VfB Stuttgart
86%
2017/18Hertha BSC
85%
2019/20Borussia Mönchengladbach
81%
2016/171. FSV Mainz 05
79%
2015/16FC Augsburg
75%
2012/13Hannover 96
66%

Verteilung der Resultate

Perzentil nach korrekt beantworteten Fragen

Anzahl Personen mit jedem Resultat

Ihre Resultats-Entwicklung

Sie haben dieses Quiz noch nicht gespielt